Communism in American unions.

Saved in:
Bibliographic Details
Main Author: Saposs, David Joseph, 1886-
Format: Book
Language:English
Published: New York : McGraw-Hill, 1959.
Subjects:
LEADER 00924nam a22002771a 4500
001 c000369336
003 CARM
005 20000318190917.0
008 851211s1959 nyu 000 0 eng d
010 |a 59007318 
015 |a GB59-10593 
019 1 |a 4175191  |z 42747945  |z 45149135  |5 LACONCORD2021 
035 |a (OCoLC)306875  |5 LACONCORD2021 
040 |a ANL  |b eng  |c ANL  |d ABN-SNR 
050 0 0 |a HD6508  |b .S24 
082 0 4 |a 331.886 
082 0 4 |a 331.886 
100 1 |a Saposs, David Joseph,  |d 1886- 
245 1 0 |a Communism in American unions. 
260 |a New York :  |b McGraw-Hill,  |c 1959. 
300 |a 1 v. 
650 0 |a Communism  |z United States. 
650 0 |a Labor unions  |z United States. 
852 8 |b CARM  |h A1:AL20D0  |i C10457  |p 0448645  |f BK 
999 f f |i db11d60c-5e92-502c-87b7-a686d052f0e0  |s bbe82ff1-58fd-5143-9caa-0e4f86e14913 
952 f f |p Can circulate  |a CAVAL  |b CAVAL  |c CAVAL  |d CARM 1 Store  |e C10457  |f A1:AL20D0  |h Other scheme  |i book  |m 0448645